[Event "American Cup Elim"]
[Site "Saint Louis USA"]
[Date "2023.03.22"]
[Round "2.7"]
[White "Caruana,F"]
[Black "Aronian,L"]
[Result "0-1"]
[WhiteTitle "GM"]
[BlackTitle "GM"]
[WhiteElo "2766"]
[BlackElo "2745"]
[WhiteFideId "2020009"]
[BlackFideId "13300474"]
[EventDate "2023.03.19"]

1. c4 Nf6 2. Nf3 e6 3. g3 d5 4. d3 Be7 5. Bg2 O-O 6. O-O c5 7. Ne5 Qc7 8. f4
Nbd7 9. Nxd7 Bxd7 10. e4 dxe4 11. dxe4 Bc6 12. Nc3 a6 13. Qe2 Rfd8 14. g4 h6 15.
h4 h5 16. gxh5 b5 17. h6 b4 18. Nd1 g6 19. Bf3 Kh7 20. Nf2 Nh5 21. Bxh5 gxh5 22.
Qxh5 Rg8+ 23. Kh2 Rg6 24. Be3 Rf8 25. Qf3 f5 26. h5 Rxh6 27. Rg1 Be8 28. Rg3
Bxh5 0-1

[Event "American Cup Elim"]
[Site "Saint Louis USA"]
[Date "2023.03.21"]
[Round "2.1"]
[White "Dominguez Perez,L"]
[Black "Shankland,S"]
[Result "1-0"]
[WhiteTitle "GM"]
[BlackTitle "GM"]
[WhiteElo "2743"]
[BlackElo "2710"]
[WhiteFideId "3503240"]
[BlackFideId "2004887"]
[EventDate "2023.03.19"]

1. e4 c5 2. Nf3 d6 3. d4 cxd4 4. Nxd4 Nf6 5. Nc3 a6 6. Be3 Ng4 7. Bc1 Nc6 8. h3
Nf6 9. Be3 e5 10. Nxc6 bxc6 11. f4 Be7 12. fxe5 dxe5 13. Qxd8+ Bxd8 14. O-O-O
Be6 15. Bd3 Nh5 16. Na4 Nf4 17. Bf1 Bg5 18. Kb1 O-O 19. g3 Nxh3 20. Bb6 Nf4 21.
gxf4 exf4 22. Rg1 Bh4 23. Nc5 g5 24. Nxe6 fxe6 25. Bc4 Rae8 26. Rd2 Kg7 27. Rd6
Rf6 28. e5 Rg6 29. Bd3 h5 30. Rd7+ Kh6 31. Rf7 Bg3 32. Bxg6 Kxg6 33. Rf6+ Kh7
34. Bf2 h4 35. Bxg3 fxg3 36. Kc1 Rd8 37. Rxe6 Rd4 38. Rxc6 Re4 39. Kd2 g4 40.
Rc3 Rxe5 41. Rc4 Rg5 42. Ke3 Rg8 43. Kf4 Kh6 44. Rh1 g2 45. Rxh4+ Kg7 46. Rxg4+
Kh8 47. Rxg8+ Kxg8 48. Rc3 1-0

[Event "American Cup Elim"]
[Site "Saint Louis USA"]
[Date "2023.03.21"]
[Round "2.2"]
[White "Shankland,S"]
[Black "Dominguez Perez,L"]
[Result "1/2-1/2"]
[WhiteTitle "GM"]
[BlackTitle "GM"]
[WhiteElo "2710"]
[BlackElo "2743"]
[WhiteFideId "2004887"]
[BlackFideId "3503240"]
[EventDate "2023.03.19"]

1. e4 e5 2. Nf3 Nf6 3. d4 Nxe4 4. Bd3 d5 5. Nxe5 Nd7 6. Nxd7 Bxd7 7. Nc3 Qh4 8.
Nxe4 dxe4 9. g3 Bb4+ 10. c3 Qe7 11. Bc2 Bd6 12. O-O O-O 13. f3 exf3 14. Qxf3
Rae8 15. Bf4 Bxf4 16. Qxf4 Bh3 17. Rfd1 Qe3+ 18. Qxe3 Rxe3 19. Re1 Rfe8 20. Rxe3
Rxe3 21. Kf2 Re6 22. d5 Re5 23. c4 Kf8 24. Rd1 Ke7 25. b4 Bg4 26. Rd2 b6 27. Bd3
Kd6 28. Bf1 Rf5+ 29. Kg1 Re5 30. Rd4 Bd7 31. Kf2 a5 32. a3 axb4 33. axb4 Re8 34.
Bd3 h6 35. Bc2 Ra8 36. Ke3 Ra2 37. Bb3 Ra3 38. Rd3 Bf5 39. Rc3 Bc2 40. c5+ bxc5
41. bxc5+ Ke5 42. d6 cxd6 43. cxd6 Kxd6 44. Rxc2 Rxb3+ 45. Kf2 Ra3 46. Rb2 Rc3
47. Re2 Ra3 48. Rb2 Rc3 49. Re2 Ra3 50. Rb2 1/2-1/2

[Event "American Cup Elim"]
[Site "Saint Louis USA"]
[Date "2023.03.22"]
[Round "3.1"]
[White "Aronian,L"]
[Black "Dominguez Perez,L"]
[Result "1-0"]
[WhiteTitle "GM"]
[BlackTitle "GM"]
[WhiteElo "2745"]
[BlackElo "2743"]
[WhiteFideId "13300474"]
[BlackFideId "3503240"]
[EventDate "2023.03.19"]

1. e4 e5 2. Nf3 Nf6 3. Nxe5 d6 4. Nf3 Nxe4 5. Bd3 d5 6. O-O Be7 7. Re1 O-O 8.
Bxe4 dxe4 9. Rxe4 c5 10. d3 Nc6 11. Nc3 b6 12. Bf4 Bb7 13. Re1 Nd4 14. Nxd4 cxd4
15. Ne4 Rc8 16. Nd2 Re8 17. f3 h6 18. Bg3 Qd5 19. Re2 Bf8 20. Rxe8 Rxe8 21. Nb3
g5 22. h3 h5 23. Qd2 g4 24. hxg4 hxg4 25. Rf1 gxf3 26. Rxf3 Qh5 27. Rf2 Bh6 28.
Bf4 Bg7 29. Nc1 Re6 30. Ne2 Rg6 31. Ng3 Qd5 32. b3 Bf6 33. Qe2 Bc6 34. Qh5 Qxh5
35. Nxh5 Bh4 36. g3 Be7 37. Re2 Kf8 38. Rh2 Bf3 39. Be5 Bg5 40. Bxd4 Re6 41. Nf4
Bxf4 42. Rh8+ Ke7 43. gxf4 Re2 44. Rc8 Ke6 45. Rc7 f6 46. a4 Kf5 47. Bf2 Rd2 48.
Kf1 Bd1 49. Ke1 Rxc2 50. Rxa7 Bg4 51. Bxb6 Kxf4 52. Re7 Rb2 53. Re4+ Kf3 54. Rb4
f5 55. a5 Ra2 56. Kd1 f4 57. Kc1 Bf5 58. Rd4 Ke2 59. Rxf4 1-0

[Event "American Cup Elim"]
[Site "Saint Louis USA"]
[Date "2023.03.23"]
[Round "4.1"]
[White "So,W"]
[Black "Aronian,L"]
[Result "1/2-1/2"]
[WhiteTitle "GM"]
[BlackTitle "GM"]
[WhiteElo "2761"]
[BlackElo "2745"]
[WhiteFideId "5202213"]
[BlackFideId "13300474"]
[EventDate "2023.03.19"]

1. d4 Nf6 2. c4 e6 3. Nf3 d5 4. Nc3 Nbd7 5. e3 Be7 6. b3 O-O 7. Bb2 b6 8. Bd3
Bb7 9. Qc2 h6 10. Rd1 c5 11. cxd5 Nxd5 12. Nxd5 Bxd5 13. dxc5 Bxc5 14. O-O Qe7
15. Bh7+ Kh8 16. Be4 Bxe4 17. Qxe4 a5 18. Qf4 Kh7 19. g4 Nf6 20. g5 hxg5 21.
Nxg5+ Kg8 22. Kh1 Rfd8 23. Rxd8+ Qxd8 24. Rg1 Be7 25. e4 Qe8 26. Qh4 Qc6 27. f3
e5 28. Bxe5 Ra7 29. Bxf6 Bxf6 30. Qh7+ Kf8 31. Qf5 Bxg5 32. Qxg5 f6 33. Qh5 Kg8
34. Rd1 Ra8 35. h4 Qe6 36. Kg2 Rc8 37. Kg3 Qe7 38. Qd5+ Kh8 39. Qd6 Qe8 40. Qxb6
Qe5+ 41. Kh3 Rc3 42. Kg4 Rc2 43. Qd8+ Kh7 44. Rd2 Qe6+ 45. Kg3 Qe5+ 46. Kh3 Rc3
47. Kg2 Qf4 48. Rf2 Rc5 49. Qd7 Qxh4 50. Qh3 Qxh3+ 51. Kxh3 g5 52. Rd2 a4 53.
bxa4 Rc4 54. Rd6 Kg7 55. a5 Ra4 56. a6 Rxa2 57. Kg4 Ra5 58. Kh5 Kf7 59. Rb6 Ra4
60. Rb7+ Ke6 61. a7 Ke5 62. Re7+ Kf4 63. Rf7 Kxf3 64. e5 Ke4 65. exf6 Kf5 66.
Kh6 g4 67. Kg7 g3 68. Rb7 g2 69. Rb1 Rxa7+ 70. f7 Kf4 71. Kg8 Ra8+ 72. f8=R+
Rxf8+ 73. Kxf8 Kg3 74. Ra1 Kh2 75. Ra2 Kh1 76. Rxg2 Kxg2 1/2-1/2

[Event "American Cup Elim"]
[Site "Saint Louis USA"]
[Date "2023.03.23"]
[Round "4.2"]
[White "Aronian,L"]
[Black "So,W"]
[Result "1/2-1/2"]
[WhiteTitle "GM"]
[BlackTitle "GM"]
[WhiteElo "2745"]
[BlackElo "2761"]
[WhiteFideId "13300474"]
[BlackFideId "5202213"]
[EventDate "2023.03.19"]

1. e4 e5 2. Nf3 Nf6 3. Nxe5 d6 4. Nf3 Nxe4 5. Bd3 Nf6 6. O-O Be7 7. Re1 O-O 8.
Bf1 d5 9. d4 Re8 10. c4 Nc6 11. Nc3 h6 12. h3 dxc4 13. Bxc4 Bd6 14. Rxe8+ Qxe8
15. Be3 Bf5 16. Nh4 Bh7 17. Qf3 Qd7 18. Bxh6 Nxd4 19. Qxb7 Re8 20. Be3 Nc2 21.
Bb5 Qc8 22. Qxc8 Rxc8 23. Rd1 Nxe3 24. fxe3 Bc5 25. Bd3 Rb8 26. b3 Re8 27. Bxh7+
Kxh7 28. Rd3 Bxe3+ 29. Kf1 Bb6 30. g4 g6 31. Nf3 Kg7 32. Nd2 Ba5 33. a3 c5 34.
Nc4 Bxc3 35. Rxc3 Ne4 36. Rd3 f5 37. gxf5 gxf5 38. Nd6 Nxd6 39. Rxd6 Re3 40. Rd5
Rxb3 41. Rxc5 Rxa3 42. Rxf5 Rxh3 43. Ra5 Rf3+ 44. Ke2 Rf6 45. Rxa7+ Rf7 46.
Rxf7+ Kxf7 1/2-1/2

[Event "American Cup Elim"]
[Site "Saint Louis USA"]
[Date "2023.03.23"]
[Round "4.3"]
[White "Aronian,L"]
[Black "So,W"]
[Result "0-1"]
[WhiteTitle "GM"]
[BlackTitle "GM"]
[WhiteElo "2745"]
[BlackElo "2761"]
[WhiteFideId "13300474"]
[BlackFideId "5202213"]
[EventDate "2023.03.19"]

1. e4 e5 2. Nf3 Nc6 3. Bb5 Nf6 4. O-O Nxe4 5. d4 Nd6 6. Bxc6 dxc6 7. dxe5 Nf5 8.
Qxd8+ Kxd8 9. Nc3 Ke8 10. h3 Be6 11. Ng5 Nd4 12. Nxe6 fxe6 13. Bg5 Nxc2 14. Rad1
Nb4 15. Ne4 Nxa2 16. g4 Nb4 17. f4 h6 18. Bh4 Nd5 19. f5 Ne3 20. fxe6 Nxd1 21.
Rf7 Rc8 22. Bf6 Rg8 23. g5 Ne3 24. g6 Nd5 25. Bh4 Be7 26. Bxe7 Nxe7 27. Nd6+
cxd6 28. exd6 Nxg6 29. h4 Rb8 30. h5 Nf8 0-1

[Event "American Cup Elim"]
[Site "Saint Louis USA"]
[Date "2023.03.24"]
[Round "4.4"]
[White "So,W"]
[Black "Aronian,L"]
[Result "1/2-1/2"]
[WhiteTitle "GM"]
[BlackTitle "GM"]
[WhiteElo "2761"]
[BlackElo "2745"]
[WhiteFideId "5202213"]
[BlackFideId "13300474"]
[EventDate "2023.03.19"]

1. d4 g6 2. e4 Bg7 3. Nf3 d6 4. Bc4 a6 5. O-O e6 6. a4 b6 7. Qe2 Nd7 8. Nbd2 Bb7
9. Re1 Ngf6 10. h3 d5 11. exd5 Nxd5 12. Ne4 h6 13. Bxd5 Bxd5 14. c4 Bb7 15. Bf4
O-O 16. Rad1 Rc8 17. Ne5 g5 18. Bh2 f5 19. Nc3 f4 20. Nxd7 Qxd7 21. Qxe6+ Qxe6
22. Rxe6 Rce8 23. Rxe8 Rxe8 24. Kf1 Bc8 25. f3 Be6 26. b3 Bf5 27. Ne4 b5 28.
axb5 axb5 29. Bg1 Ra8 30. d5 Ra3 31. cxb5 Rxb3 32. Bd4 Rxb5 33. Bxg7 Kxg7 34. d6
cxd6 35. Nxd6 Re5 36. Nxf5+ Rxf5 37. h4 gxh4 38. Kg1 h3 39. gxh3 Kf6 40. h4 Rh5
41. Kg2 Re5 42. Rd6+ Re6 43. Rd5 Re5 44. Rd6+ Re6 45. Rd5 Re8 46. Rd6+ Re6 47.
Rd5 1/2-1/2

[Event "American Cup Elim w"]
[Site "Saint Louis USA"]
[Date "2023.03.21"]
[Round "2.1"]
[White "Paikidze,N"]
[Black "Abrahamyan,T"]
[Result "1-0"]
[WhiteTitle "IM"]
[BlackTitle "WGM"]
[WhiteElo "2314"]
[BlackElo "2294"]
[WhiteFideId "13603620"]
[BlackFideId "13301918"]
[EventDate "2023.03.19"]

1. d4 Nf6 2. c4 e6 3. g3 d5 4. Nf3 h6 5. Bg2 Bd6 6. O-O O-O 7. b3 b6 8. Bb2 Bb7
9. Nc3 a6 10. Rc1 Nbd7 11. Nd2 c5 12. dxc5 bxc5 13. cxd5 exd5 14. Nc4 dxc4 15.
Bxb7 Ra7 16. Qxd6 Rxb7 17. Qxa6 Qa8 18. Qxc4 Rb4 19. Qd3 c4 20. Qf5 cxb3 21. a3
Rb6 22. Rfd1 Re6 23. e4 Rfe8 24. Nb5 g6 25. Qf3 Rxe4 26. Qc3 R8e5 27. Nd6 Re2
28. Qxb3 Rxb2 29. Qxf7+ Kh8 30. Qxg6 Re7 31. Rc8+ Qxc8 32. Nxc8 Rg7 33. Qxh6+
Kg8 34. Qe3 1-0

[Event "American Cup Elim w"]
[Site "Saint Louis USA"]
[Date "2023.03.21"]
[Round "2.2"]
[White "Abrahamyan,T"]
[Black "Paikidze,N"]
[Result "1/2-1/2"]
[WhiteTitle "WGM"]
[BlackTitle "IM"]
[WhiteElo "2294"]
[BlackElo "2314"]
[WhiteFideId "13301918"]
[BlackFideId "13603620"]
[EventDate "2023.03.19"]

1. e4 c6 2. d4 d5 3. Nd2 dxe4 4. Nxe4 Nf6 5. Nxf6+ exf6 6. Be3 Bd6 7. Bd3 O-O 8.
Ne2 Re8 9. O-O Bg4 10. h3 Bh5 11. c4 Nd7 12. Qc2 Nf8 13. Rfe1 Qc7 14. c5 Be7 15.
Nf4 Bg6 16. b4 Bxd3 17. Qxd3 Ne6 18. Qf5 g6 19. Qg4 Nxf4 20. Bxf4 Qd8 21. Rad1
Bf8 22. Rxe8 Qxe8 23. d5 cxd5 24. Qf3 Rd8 25. Be3 Qe6 26. Bd4 f5 27. Qc3 Qc6 28.
a4 a6 29. Qb3 Bg7 30. b5 axb5 31. axb5 Qe6 32. Qb2 Bxd4 33. Qxd4 Qd7 34. Rb1 Qe6
35. Rc1 Rc8 36. Qc3 Qe8 37. Qb3 Qd7 38. Qa4 d4 39. c6 bxc6 40. bxc6 Qd6 41. Rd1
Qxc6 42. Qxd4 Qe6 43. h4 h5 44. Qf4 Re8 45. Qg5 Qe7 46. Qf4 Qe5 47. Qg5 Qe7 48.
Qf4 Qe5 49. Qg5 Qe7 50. Qf4 Qe5 1/2-1/2

[Event "American Cup Elim w"]
[Site "Saint Louis USA"]
[Date "2023.03.21"]
[Round "2.1"]
[White "Tokhirjonova,Gulrukhbegim"]
[Black "Pourkashiyan,A"]
[Result "1-0"]
[WhiteTitle "WGM"]
[BlackTitle "WGM"]
[WhiteElo "2332"]
[BlackElo "2313"]
[WhiteFideId "14203626"]
[BlackFideId "12502014"]
[EventDate "2023.03.19"]

1. d4 Nf6 2. c4 e6 3. Nc3 Bb4 4. Qc2 d5 5. a3 Bxc3+ 6. Qxc3 O-O 7. Nf3 dxc4 8.
Qxc4 b6 9. Bg5 Ba6 10. Qc1 Nbd7 11. e4 Bxf1 12. Kxf1 h6 13. Bh4 Qc8 14. Qe3 c5
15. h3 cxd4 16. Nxd4 Qc4+ 17. Kg1 e5 18. Nf5 Qxe4 19. Qxe4 Nxe4 20. Rd1 Ndc5 21.
b4 Nc3 22. Re1 Nd3 23. Re3 e4 24. f3 Rfe8 25. fxe4 Nf4 26. Kh2 Nb5 27. Rd1 a5
28. a4 Nc7 29. b5 Nce6 30. Nd6 Rf8 31. Be7 Rfb8 32. Nc4 Rb7 33. Ba3 Ng5 34. h4
Nge6 35. g3 Ng6 36. Rd6 Rab8 37. Red3 Ngf8 38. Ne5 Rc8 39. Rc6 Rcb8 40. Rcd6 Rc8
41. Nc6 h5 42. Rd2 Ng6 43. Rd7 Rcc7 44. Rxc7 Rxc7 45. Rd5 Nef8 46. Rxh5 f6 47.
Rd5 Nd7 48. Bd6 Rc8 49. h5 Re8 50. hxg6 Rxe4 51. Be7 1-0

[Event "American Cup Elim w"]
[Site "Saint Louis USA"]
[Date "2023.03.21"]
[Round "2.2"]
[White "Pourkashiyan,A"]
[Black "Tokhirjonova,Gulrukhbegim"]
[Result "0-1"]
[WhiteTitle "WGM"]
[BlackTitle "WGM"]
[WhiteElo "2313"]
[BlackElo "2332"]
[WhiteFideId "12502014"]
[BlackFideId "14203626"]
[EventDate "2023.03.19"]

1. e4 e5 2. Nf3 Nf6 3. Nxe5 d6 4. Nf3 Nxe4 5. Nc3 Nxc3 6. dxc3 Be7 7. Bf4 Nd7 8.
Qd2 O-O 9. O-O-O Nc5 10. Kb1 Re8 11. Be3 Ne4 12. Qe1 Bf8 13. h4 c6 14. c4 a6 15.
Ng5 h6 16. Nxe4 Rxe4 17. f3 Re8 18. Qf2 b5 19. c5 Qe7 20. Bc1 dxc5 21. g4 c4 22.
Bg2 Qc5 23. Qg3 c3 24. Rhe1 Rxe1 25. Rxe1 Bd7 26. g5 h5 27. g6 fxg6 28. Qxg6 Bf5
29. Qg3 cxb2 30. Bxb2 Qxc2+ 31. Ka1 Rd8 32. Qf4 Rd2 33. Qe5 Rd1+ 0-1

[Event "American Cup Elim w"]
[Site "Saint Louis USA"]
[Date "2023.03.22"]
[Round "3.1"]
[White "Tokhirjonova,Gulrukhbegim"]
[Black "Paikidze,N"]
[Result "0-1"]
[WhiteTitle "WGM"]
[BlackTitle "IM"]
[WhiteElo "2332"]
[BlackElo "2314"]
[WhiteFideId "14203626"]
[BlackFideId "13603620"]
[EventDate "2023.03.19"]

1. Nf3 f5 2. g3 Nf6 3. Bg2 g6 4. c4 Bg7 5. Nc3 O-O 6. O-O d6 7. d3 e5 8. e3 Nc6
9. Rb1 a5 10. a3 Ne7 11. b4 axb4 12. axb4 h6 13. b5 Be6 14. Nd2 c6 15. Qb3 Nd7
16. Ba3 Nc5 17. Bxc5 dxc5 18. Na4 Qd6 19. Rfd1 Ra5 20. bxc6 b5 21. Nb2 b4 22.
Ra1 Rfa8 23. Rxa5 Rxa5 24. d4 exd4 25. exd4 Ra3 26. dxc5 Qxd2 27. Rxd2 Rxb3 28.
Nd1 Rb1 29. Bd5 Kf7 30. c7 Be5 31. Kg2 Bxc7 32. Ne3 b3 33. Nd1 Ba5 34. Rd3 b2
35. c6 Bc7 36. f4 Rc1 37. Nxb2 Rc2+ 38. Kh3 Rxb2 39. Bxe6+ Kxe6 40. Rd7 Ba5 41.
Ra7 Nxc6 0-1

[Event "American Cup Elim w"]
[Site "Saint Louis USA"]
[Date "2023.03.22"]
[Round "3.2"]
[White "Paikidze,N"]
[Black "Tokhirjonova,Gulrukhbegim"]
[Result "1-0"]
[WhiteTitle "IM"]
[BlackTitle "WGM"]
[WhiteElo "2314"]
[BlackElo "2332"]
[WhiteFideId "13603620"]
[BlackFideId "14203626"]
[EventDate "2023.03.19"]

1. d4 Nf6 2. c4 e6 3. g3 d5 4. Nf3 Be7 5. Bg2 O-O 6. Nc3 dxc4 7. Ne5 c6 8. Nxc4
b5 9. Ne5 Qb6 10. O-O Rd8 11. Qc2 Bb7 12. Rd1 Na6 13. e3 Rac8 14. Qe2 Nb4 15.
Bd2 a6 16. a3 Nbd5 17. Ne4 a5 18. Ng5 Rf8 19. e4 Nc7 20. Be3 c5 21. Rac1 Na6 22.
d5 exd5 23. exd5 Bd6 24. Nd3 h6 25. Ne4 Nxe4 26. Bxe4 Rfe8 27. Qg4 Bf8 28. b4
axb4 29. axb4 h5 30. Qf3 g6 31. g4 hxg4 32. Qxg4 Rc7 33. bxc5 Nxc5 34. Nxc5 Bxc5
35. Bxc5 Rxc5 36. Rxc5 Qxc5 37. Bxg6 Kf8 38. Bxf7 Kxf7 39. Qf5+ Kg7 40. Qg5+ Kf7
41. Qf5+ Ke7 42. d6+ Kd8 43. Qxc5 1-0

[Event "American Cup Elim w"]
[Site "Saint Louis USA"]
[Date "2023.03.23"]
[Round "4.1"]
[White "Lee,Alice"]
[Black "Paikidze,N"]
[Result "1-0"]
[WhiteTitle "FM"]
[BlackTitle "IM"]
[WhiteElo "2362"]
[BlackElo "2314"]
[WhiteFideId "30941822"]
[BlackFideId "13603620"]
[EventDate "2023.03.19"]

1. d4 g6 2. c4 Bg7 3. e4 c5 4. d5 d6 5. Be2 e6 6. Nc3 Bxc3+ 7. bxc3 e5 8. Bd3
Nd7 9. Ne2 Qe7 10. h3 Kd8 11. Be3 Kc7 12. Qd2 f5 13. exf5 e4 14. Bg5 Ndf6 15.
Bc2 Bxf5 16. Qe3 h6 17. Bf4 g5 18. Qxc5+ Kd8 19. Bxd6 Qd7 20. Nd4 Rc8 21. Qb4
Ne8 22. Be5 Rh7 23. g4 1-0

[Event "American Cup Elim w"]
[Site "Saint Louis USA"]
[Date "2023.03.23"]
[Round "4.2"]
[White "Paikidze,N"]
[Black "Lee,Alice"]
[Result "1-0"]
[WhiteTitle "IM"]
[BlackTitle "FM"]
[WhiteElo "2314"]
[BlackElo "2362"]
[WhiteFideId "13603620"]
[BlackFideId "30941822"]
[EventDate "2023.03.19"]

1. d4 d5 2. c4 c6 3. Nc3 Nf6 4. e3 e6 5. Nf3 Nbd7 6. Qc2 Bd6 7. g4 h6 8. h3 b6
9. cxd5 exd5 10. Nh4 Bb7 11. Nf5 Bf8 12. Bg2 g6 13. Ng3 Bd6 14. f4 Qe7 15. O-O
O-O 16. Bd2 b5 17. e4 dxe4 18. Rae1 Bc7 19. Ncxe4 Nxe4 20. Nxe4 Qd8 21. f5 Nf6
22. fxg6 fxg6 23. Nc5 Qxd4+ 24. Be3 Qe5 25. Qxg6+ Kh8 26. Rf5 Qh2+ 27. Kf1 Nxg4
28. hxg4 Rxf5+ 29. gxf5 Qh4 30. Qxh6+ Qxh6 31. Bxh6 Bc8 32. Re8+ Kh7 33. Be3 b4
34. Re7+ 1-0

[Event "American Cup Elim w"]
[Site "Saint Louis USA"]
[Date "2023.03.23"]
[Round "4.3"]
[White "Paikidze,N"]
[Black "Lee,Alice"]
[Result "0-1"]
[WhiteTitle "IM"]
[BlackTitle "FM"]
[WhiteElo "2314"]
[BlackElo "2362"]
[WhiteFideId "13603620"]
[BlackFideId "30941822"]
[EventDate "2023.03.19"]

1. d4 d5 2. c4 c6 3. Nc3 Nf6 4. e3 e6 5. Nf3 Nbd7 6. Qc2 b6 7. Be2 Bb7 8. b3 Bd6
9. Bb2 Rc8 10. O-O O-O 11. e4 dxe4 12. Nxe4 Nxe4 13. Qxe4 Qe7 14. Rfe1 f5 15.
Qc2 Rfd8 16. Bd3 Qf7 17. h3 h6 18. Rad1 Re8 19. a3 Rcd8 20. b4 g6 21. Qc3 Kh7
22. c5 Bb8 23. Ne5 Bxe5 24. dxe5 bxc5 25. bxc5 Qe7 26. Qb4 Nxc5 27. Bc2 Rd5 28.
Bd4 a5 29. Qb6 Na6 30. Rb1 Nb4 31. Ba4 Ra8 32. axb4 Ra6 33. bxa5 Rxb6 34. Bxb6
c5 35. Red1 Qg5 36. g3 Qh5 37. Rxd5 Bxd5 38. Kf1 Qxh3+ 39. Ke2 Qg4+ 40. Kd2 Qd4+
41. Ke2 Qe4+ 0-1

[Event "American Cup Elim w"]
[Site "Saint Louis USA"]
[Date "2023.03.24"]
[Round "4.4"]
[White "Lee,Alice"]
[Black "Paikidze,N"]
[Result "1-0"]
[WhiteTitle "FM"]
[BlackTitle "IM"]
[WhiteElo "2362"]
[BlackElo "2314"]
[WhiteFideId "30941822"]
[BlackFideId "13603620"]
[EventDate "2023.03.19"]

1. d4 c5 2. d5 g6 3. Nc3 Bg7 4. e4 d6 5. Nf3 Nf6 6. Bb5+ Bd7 7. a4 O-O 8. O-O
Bxb5 9. axb5 Nbd7 10. Nd2 Nb6 11. Qe2 Qc7 12. Nc4 Nxc4 13. Qxc4 Nd7 14. Bf4 Nb6
15. Qb3 c4 16. Qb4 f5 17. Be3 f4 18. Bxb6 axb6 19. f3 g5 20. Ne2 Ra5 21. Ra3
Rxa3 22. Qxa3 c3 23. bxc3 Qc4 24. Re1 Rc8 25. Qb3 Qc5+ 26. Kf1 Ra8 27. Qb4 Ra2
28. Qxc5 bxc5 29. Rc1 Rb2 30. c4 Rb4 31. c3 Rxc4 32. Ra1 Kf7 33. Ra3 e6 34.
dxe6+ Kxe6 35. Ke1 d5 36. exd5+ Kxd5 37. Kd2 Be5 38. Kd3 h5 39. Ra8 Bd6 40. h3
h4 41. b6 Be7 42. Ra1 Bf6 43. Ra3 Bd8 44. Ra7 Bxb6 45. Rxb7 Ba5 46. Rd7+ Kc6 47.
Kxc4 Kxd7 48. Kxc5 Ke6 49. Kd4 Bb6+ 50. Ke4 Bf2 51. Nd4+ Kf6 52. c4 Be1 53. c5
Ba5 54. c6 Ke7 55. Kd5 Bb6 56. Ne6 Kf6 57. c7 Bxc7 58. Nxc7 Kf5 59. Ne6 Kf6 60.
Nxg5 Kxg5 61. Ke5 1-0

[Event "American Cup Champ"]
[Site "Saint Louis USA"]
[Date "2023.03.17"]
[Round "1.1"]
[White "Nakamura,Hi"]
[Black "Sevian,Samuel"]
[Result "1-0"]
[WhiteTitle "GM"]
[BlackTitle "GM"]
[WhiteElo "2768"]
[BlackElo "2687"]
[WhiteFideId "2016192"]
[BlackFideId "2040506"]
[EventDate "2023.03.17"]
[EventType "k.o."]

1. e4 e5 2. Nf3 Nc6 3. Bb5 a6 4. Ba4 Nf6 5. d3 d6 6. c4 Bg4 7. h3 Bxf3 8. Qxf3
Nd7 9. Be3 Be7 10. Nc3 Nf8 11. Ne2 Ne6 12. d4 exd4 13. Nxd4 Nxd4 14. Bxd4 O-O
15. Bxc6 bxc6 16. Rd1 Re8 17. O-O Bf6 18. c5 Re6 19. Bxf6 Qxf6 20. Qxf6 gxf6 21.
f3 Rb8 22. Rf2 Rb5 23. Rc2 dxc5 24. Rd7 Rd6 25. Rxc7 c4 26. Kf2 Rb6 27. Ke3 Kg7
28. Ra7 Rd3+ 29. Kf4 Rd4 30. h4 Kg6 31. h5+ Kg7 32. Ra8 h6 33. a4 c5 34. a5 Rc6
35. Rb8 Kh7 36. Ke3 Kg7 37. Ke2 Re6 38. g4 Rc6 39. Rd2 Rc7 40. Rb6 Rcd7 41. Rxd4
cxd4 42. Rxa6 Rc7 43. Rd6 Rb7 44. Rb6 Rc7 45. a6 c3 46. bxc3 Rxc3 47. a7 Ra3 48.
Rb7 Re3+ 49. Kd2 Ra3 50. Rc7 f5 51. e5 fxg4 52. fxg4 1-0

[Event "American Cup Champ"]
[Site "Saint Louis USA"]
[Date "2023.03.18"]
[Round "1.2"]
[White "Sevian,Samuel"]
[Black "Nakamura,Hi"]
[Result "1/2-1/2"]
[WhiteTitle "GM"]
[BlackTitle "GM"]
[WhiteElo "2687"]
[BlackElo "2768"]
[WhiteFideId "2040506"]
[BlackFideId "2016192"]
[EventDate "2023.03.17"]
[EventType "k.o."]

1. d4 Nf6 2. c4 e6 3. Nf3 d5 4. Nc3 h6 5. Bf4 Bd6 6. Bxd6 Qxd6 7. e3 O-O 8. Rc1
a6 9. a3 b6 10. cxd5 exd5 11. Be2 Nbd7 12. O-O Bb7 13. b4 c6 14. Qb3 a5 15. Rfd1
axb4 16. axb4 Ra7 17. Ra1 Rfa8 18. Rxa7 Rxa7 19. Ne1 Ne4 20. Nxe4 dxe4 21. f3
Nf6 22. fxe4 Nxe4 23. Nf3 Bc8 24. Qc2 Bf5 25. Ne5 Qf6 26. Bd3 Qg5 27. Re1 Ra1
28. Rxa1 Qxe3+ 29. Kf1 Nd2+ 30. Qxd2 Qxd2 31. Ra8+ Kh7 32. Bxf5+ g6 33. Bd3 Qc1+
34. Ke2 Qb2+ 35. Ke3 c5 36. bxc5 bxc5 37. Rd8 cxd4+ 38. Rxd4 Qxg2 39. Rd7 Qg1+
40. Ke4 Qe1+ 41. Kd5 Qa5+ 42. Ke4 Qe1+ 43. Kd5 Qa5+ 44. Ke4 Qe1+ 1/2-1/2

[Event "American Cup Champ"]
[Site "Saint Louis USA"]
[Date "2023.03.17"]
[Round "1.1"]
[White "Aronian,L"]
[Black "Dominguez Perez,L"]
[Result "1/2-1/2"]
[WhiteTitle "GM"]
[BlackTitle "GM"]
[WhiteElo "2745"]
[BlackElo "2743"]
[WhiteFideId "13300474"]
[BlackFideId "3503240"]
[EventDate "2023.03.17"]
[EventType "k.o."]

1. c4 e6 2. Nc3 d5 3. d4 Nf6 4. cxd5 exd5 5. Bg5 c6 6. e3 Bf5 7. Qf3 Bg6 8. Bxf6
Qxf6 9. Qxf6 gxf6 10. Nf3 Nd7 11. Nh4 Be7 12. Ne2 f5 13. Nf3 Bb4+ 14. Kd1 Bd6
15. Ne1 Ke7 16. Nd3 Bh5 17. f3 Bg6 18. Nef4 a5 19. Ke1 Nf8 20. g3 Ne6 21. Rc1
Rhe8 22. Kf2 Kf6 23. Be2 Re7 24. Bd1 Kg7 25. Re1 Ree8 26. Re2 Re7 27. Rc3 Kf8
28. a3 Bxf4 29. Nxf4 Nxf4 30. exf4 f6 31. Rb3 Rxe2+ 32. Bxe2 b5 33. Rc3 Be8 34.
Bd3 Bd7 35. g4 Ke7 36. Bxf5 Bxf5 37. gxf5 Kd7 38. Rc1 a4 39. Rg1 Re8 40. h4 Re7
41. h5 c5 42. dxc5 Kc6 43. h6 Kxc5 44. Rg6 Kc4 45. Rxf6 Rb7 46. Re6 Kb3 47. Re2
Rb6 48. Ke3 Rf6 49. Rg2 Rf8 50. Kd4 Rxf5 51. Rf2 Ka2 52. Ke3 Kb3 53. Rd2 Kc4 54.
Rd3 Kc5 55. Rc3+ Kd6 56. Rc8 Rf6 57. Rd8+ Kc5 58. Rc8+ Kd6 59. Re8 Rxh6 60. f5
Rh4 61. Rd8+ Ke5 62. f4+ Kxf5 63. Rxd5+ Kf6 64. Rxb5 Rh2 65. Ke4 Re2+ 66. Kf3
Rd2 67. Kg3 Re2 68. Rb7 Kf5 69. Kf3 Rh2 70. Rb5+ Kf6 71. Ke4 Re2+ 72. Kd3 Rf2
73. Rb7 h5 74. Ke3 Rg2 75. Kf3 Rd2 76. Kg3 Re2 77. Rb6+ Kf5 78. Rb5+ Kf6 79. Kf3
Rd2 80. Ke3 Rg2 81. Kf3 Rd2 82. Ke4 Re2+ 83. Kd3 Rf2 84. Ke3 Rg2 85. Rb6+ Kf5
86. Kf3 Rd2 87. Rb4 Rc2 88. Kg3 Rd2 89. Rb8 Re2 90. Rf8+ Kg6 91. Rg8+ Kf6 92.
Rb8 Kf5 93. Rb4 Rd2 94. Rxa4 Rxb2 95. Ra5+ Kf6 96. Kf3 Rb3+ 97. Ke4 h4 98. Rh5
Rxa3 99. Rh6+ Kf7 100. Rh7+ Kf6 101. Rh6+ Kf7 102. Rh7+ Kf6 103. Rh6+ 1/2-1/2